Reaction kinetics for chemical engineers (Record no. 12493)

000 -LEADER
fixed length control field 00585nam a22002051 4500
001 - CONTROL NUMBER
control field 12493
003 - CONTROL NUMBER IDENTIFIER
control field BD-DhUET
008 - FIXED-LENGTH DATA ELEMENTS--GENERAL INFORMATION
fixed length control field 720413s1959 nyua b 000 0 eng
040 ## - CATALOGING SOURCE
Original cataloging agency DLC
Transcribing agency DLC
Modifying agency BD-DhUET
082 ## - DEWEY DECIMAL CLASSIFICATION NUMBER
Classification number 660.2994
Item number WAL/1959
100 1# - MAIN ENTRY--PERSONAL NAME
Personal name Walas, Stanley M.
245 10 - TITLE STATEMENT
Title Reaction kinetics for chemical engineers
250 ## - EDITION STATEMENT
Edition statement 1st ed.
260 ## - PUBLICATION, DISTRIBUTION, ETC. (IMPRINT)
Place of publication, distribution, etc. New York
Name of publisher, distributor, etc. McGraw-Hill
Date of publication, distribution, etc. 1959
300 ## - PHYSICAL DESCRIPTION
Extent 338 p.
Other physical details ill.
490 ## - SERIES STATEMENT
Series statement McGraw - Hill chemical engineering series
504 ## - BIBLIOGRAPHY, ETC. NOTE
Bibliography, etc Includes bibliographies
650 #0 - SUBJECT ADDED ENTRY--TOPICAL TERM
Topical term or geographic name as entry element Kinetics : Reactions : Chemical Engineering
942 ## - ADDED ENTRY ELEMENTS (KOHA)
Koha item type General Book
Holdings
Price effective from Sublocation or collection (holding branch) Koha item type Copy number Location (home branch) Lost status Shelving location Koha full call number Date acquired Withdrawn status Source of classification or shelving scheme Piece designation (barcode) Koha date last seen Damaged status Not for loan Koha normalized classification for sorting
2015-02-26Central Library, BUETGeneral Book1Central Library, BUET Circulation section660.2994/WAL/19592015-02-26  260732015-02-26  660_299400000000000_WAL_1959
2015-03-01Central Library, BUETGeneral Book2Central Library, BUET Circulation section660.2994/WAL/19592015-03-01  298822015-03-01  660_299400000000000_WAL_1959
2015-03-31Central Library, BUETGeneral Book3Central Library, BUET Circulation section660.2994/WAL/19592015-03-31  298782015-03-31  660_299400000000000_WAL_1959
2015-03-31Central Library, BUETGeneral Book4Central Library, BUET Circulation section660.2994/WAL/19592015-03-31  298752015-03-31  660_299400000000000_WAL_1959
2015-03-31Central Library, BUETGeneral Book5Central Library, BUET Circulation section660.2994/WAL/19592015-03-31  258932015-03-31  660_299400000000000_WAL_1959
2015-04-04Central Library, BUETGeneral Book6Central Library, BUET Circulation section660.2994/WAL/19592015-04-04  21142015-04-04  660_299400000000000_WAL_1959
2015-04-07Central Library, BUETGeneral Book7Central Library, BUET Circulation section660.2994/WAL/19592015-04-07  298742015-04-07  660_299400000000000_WAL_1959
2015-06-18Central Library, BUETReading Item8Central Library, BUET Reading section660.2994/WAL/19592015-06-18  298812015-06-18  660_299400000000000_WAL_1959
2015-06-18Central Library, BUETReading Item9Central Library, BUET Reading section660.2994/WAL/19592015-06-18  298792015-06-18  660_299400000000000_WAL_1959
2015-06-18Central Library, BUETReading Item10Central Library, BUET Reading section660.2994/WAL/19592015-06-18  78992015-06-18  660_299400000000000_WAL_1959
2015-06-18Central Library, BUETReading Item11Central Library, BUET Reading section660.2994/WAL/19592015-06-18  79002015-06-18  660_299400000000000_WAL_1959
2015-06-28Central Library, BUETReading Item12Central Library, BUET Reading section660.2994/WAL/19592015-06-28  298802015-06-28  660_299400000000000_WAL_1959
2015-06-28Central Library, BUETReading Item13Central Library, BUET Reading section660.2994/WAL/19592015-06-28  298762015-06-28  660_299400000000000_WAL_1959